Worlds in common? : television discourse in a changing Europe /

Bibliographic Details
Main Author: Richardson, Kay, 1955-
Other Authors: Meinhof, Ulrike Hanna
Format: Book
Language:English
Published: London ; New York : Routledge, 1999.
Subjects:

MARC

Tag First Indicator Second Indicator Subfields
LEADER 00000cam a2200000 a 4500
001 in00001496439
005 20151021075847.0
008 980709s1999 enk b 001 0 eng
010 |a  98030279  
015 |a GB99-20675 
019 |a 40927782 
020 |a 0415140609 (hb) 
020 |a 0415140617 (pbk.) 
035 |a (OCoLC)39556436 
035 |9 AJJ0438AM 
040 |a DLC  |c DLC  |d UKM  |d TXA  |d UtOrBLW 
043 |a e------ 
049 |a TXAM 
050 0 0 |a PN1992.3.E78  |b R5 1999 
082 0 0 |a 302.23/45/094  |2 21 
090 |a PN1992.3.E78  |b R53 1999 
100 1 |a Richardson, Kay,  |d 1955- 
245 1 0 |a Worlds in common? :  |b television discourse in a changing Europe /  |c Kay Richardson and Ulrike H. Meinhof. 
264 1 |a London ;  |a New York :  |b Routledge,  |c 1999. 
300 |a vi, 197 pages ;  |c 25 cm. 
336 |a text  |b txt  |2 rdacontent 
337 |a unmediated  |b n  |2 rdamedia 
338 |a volume  |b nc  |2 rdacarrier 
504 |a Includes bibliographical references (pages [182]-188) and index. 
650 0 |a Television broadcasting  |z Europe. 
650 0 |a Television  |x Semiotics. 
650 0 |a Cable television  |z Europe. 
650 0 |a Direct broadcast satellite television  |z Europe. 
650 4 |a Television  |x Semiotics. 
650 4 |a Cable television  |z Europe. 
650 4 |a Language and culture  |z Europe. 
650 4 |a Television broadcasting  |z Europe. 
650 4 |a Direct broadcast satellite television  |z Europe. 
700 1 |a Meinhof, Ulrike Hanna. 
948 |a c:ce 
999 |a MARS 
999 f f |s 720cad21-edd0-37f5-80f1-10f8a4d7e5ae  |i 9e98179d-739f-3f97-9a59-4f570b4e4a93  |t 0 
952 f f |p ric  |a Texas A&M University  |b Rellis Campus  |c Joint Library Facility  |d Remote Storage  |t 0  |e PN1992.3.E78 R53 1999  |h Library of Congress classification  |i unmediated -- volume  |m A14825047985 
998 f f |a PN1992.3.E78 R53 1999  |t 0  |l Remote Storage